The perfect storm (Record no. 12289)

000 -LEADER
fixed length control field 00424nam a22001697a 4500
008 - FIXED-LENGTH DATA ELEMENTS--GENERAL INFORMATION
fixed length control field 221207b 2006 ||||| |||| 00| 0 eng d
020 ## - INTERNATIONAL STANDARD BOOK NUMBER
International Standard Book Number 9780007230068
082 ## - DEWEY DECIMAL CLASSIFICATION NUMBER
Item number JUN
100 ## - MAIN ENTRY--PERSONAL NAME
Personal name Junger, Sebastian
245 ## - TITLE STATEMENT
Title The perfect storm
260 ## - PUBLICATION, DISTRIBUTION, ETC. (IMPRINT)
Place of publication, distribution, etc London
Name of publisher, distributor, etc Harper Collins
Date of publication, distribution, etc 2006
300 ## - PHYSICAL DESCRIPTION
Extent xiv,235p.
650 ## - SUBJECT ADDED ENTRY--TOPICAL TERM
Topical term or geographic name as entry element Georges Bank, 1896
650 ## - SUBJECT ADDED ENTRY--TOPICAL TERM
Topical term or geographic name as entry element Gloucester, Mass.,1991
650 ## - SUBJECT ADDED ENTRY--TOPICAL TERM
Topical term or geographic name as entry element God's Country
942 ## - ADDED ENTRY ELEMENTS (KOHA)
Item type Books
Holdings
Withdrawn status Lost status Source of classification or shelving scheme Damaged status Not for loan Collection code Permanent location Current location Shelving location Date acquired Total Checkouts Total Renewals Full call number Barcode Date last seen Date last borrowed Koha item type Public note
          Fiction IMU-MPC Library IMU-MPC Library General Stacks 2022-12-07 2 2 JUN MPC6620 2026-04-28 2026-03-14 Books Column - 63
Copyright © 2021 Indian Maritime University, Mumbai Port Campus. All Rights Reserved. Managed & Maintained by Central Library, IMU-Mumbai

webs counters

Powered by Koha